logo

Bir Sreshtho Munshi Abdur Rouf Library
Jhenaidah Cadet College

রস কোম্পানী (প্রা.) লিমিটেড / (Record no. 10557)

MARC details
000 -LEADER
fixed length control field 00716nam a2200217 a 4500
001 - CONTROL NUMBER
JCCL Control Number 10557
003 - CONTROL NUMBER IDENTIFIER
JCCL marc code BD-JhCC
005 - DATE AND TIME OF LATEST TRANSACTION
control field 20180710124437.0
008 - FIXED-LENGTH DATA ELEMENTS--GENERAL INFORMATION
fixed length control field 180710s2016 bg |||| |||| 000 0 ben d
020 ## - INTERNATIONAL STANDARD BOOK NUMBER
International Standard Book Number 9789849118190
035 ## - SYSTEM CONTROL NUMBER
system control number (BD-JhCC)10557
040 ## - CATALOGING SOURCE
Original cataloging agency BD-JhCC
Modifying agency BD-JhCC
041 ## - LANGUAGE CODE
Language code of Book ben
082 ## - DEWEY DECIMAL CLASSIFICATION NUMBER
Classification number 891.4435
Author mark and Year KAU 2016
100 ## - MAIN ENTRY--PERSONAL NAME
Personal name কাউসার, মহিউদ্দিন
245 ## - TITLE STATEMENT
Title রস কোম্পানী (প্রা.) লিমিটেড /
Statement of responsibility, etc মহিউদ্দিন কাউসার
260 ## - PUBLICATION, DISTRIBUTION, ETC. (IMPRINT)
Place of publication, distribution, etc ঢাকা :
Name of publisher, distributor, etc রূপ প্রকাশন,
Date of publication, distribution, etc ২০১৬.
300 ## - PHYSICAL DESCRIPTION
Pagination ৭২ পৃ. :
Dimensions ২০ সেমি.
650 ## - SUBJECT ADDED ENTRY--TOPICAL TERM
Topical term or geographic name as entry element Bengali Comics
942 ## - ADDED ENTRY ELEMENTS (KOHA)
Source of classification or shelving scheme Dewey Decimal Classification
Koha item type Books
Holdings
Source of classification or shelving scheme Damaged status Not for loan Home library Current library Shelving location Date of accession Source of acquisition Cost, normal purchase price Total Checkouts Full call number Barcode Date last seen Date checked out Copy number Koha item type
Dewey Decimal Classification     JCC Rouf Library JCC Rouf Library General Stacks 07/10/2018 ক্যাডেট ফিরোজ, 30/1657/H 150.00 2 891.4435 KAU 2016 14295 12/14/2023 12/02/2023 C-1 Books

JCC Library | Contacts | JCC Home

Last Update on 23 September 2017
Copyright @ 2017-2020 JCC Rouf Library
Rouf Library, Jhenidah Cadet College (JCC), Bangladesh